UM Logo

Organic chemistry with biological topics/ (Record no. 17098)

MARC details
000 -LEADER
fixed length control field 00559nam a22001697a 4500
008 - FIXED-LENGTH DATA ELEMENTS--GENERAL INFORMATION
fixed length control field 220606b ||||| |||| 00| 0 eng d
020 ## - INTERNATIONAL STANDARD BOOK NUMBER
International Standard Book Number 9781260575163
082 ## - DEWEY DECIMAL CLASSIFICATION NUMBER
Edition number 2021
Classification number DC 547
Item number Sm511
100 ## - MAIN ENTRY--PERSONAL NAME
Personal name Smith, Janice G., author
9 (RLIN) 45446
245 ## - TITLE STATEMENT
Title Organic chemistry with biological topics/
Statement of responsibility, etc. Janice G. Smith
250 ## - EDITION STATEMENT
Edition statement Sixth edition
260 ## - PUBLICATION, DISTRIBUTION, ETC. (IMPRINT)
Place of publication, distribution, etc. New York, NY:
Name of publisher, distributor, etc. Mc Graw Hill,
Date of publication, distribution, etc. 2021.
300 ## - PHYSICAL DESCRIPTION
Extent iii, 1268 pages:
Other physical details illustrations;
Dimensions 27 cm.
500 ## - GENERAL NOTE
General note Includes appendices, glossary and index.
650 ## - SUBJECT ADDED ENTRY--TOPICAL TERM
Topical term or geographic name as entry element Organic chemistry.
9 (RLIN) 45447
942 ## - ADDED ENTRY ELEMENTS (KOHA)
Source of classification or shelving scheme Dewey Decimal Classification
Koha item type Circulation
Holdings
Withdrawn status Lost status Source of classification or shelving scheme Damaged status Not for loan Collection code Home library Current library Date acquired Source of acquisition Cost, normal purchase price Total Checkouts Full call number Barcode Date last seen Price effective from Koha item type
    Dewey Decimal Classification     Circulation UM Digos College - LIC UM Digos College - LIC 02/10/2022 Purchased 6300.00   DC 547 Sm511 2021 26560 05/15/2025 06/06/2022 Circulation